Se puede superar la pobreza? Realidad y perspectivas en América Latina /
El documento consiste en una compilación de investigaciones presentadas en el Seminario sobre pobreza crítica en América Latina en la sede de CEPAL, en Santiago, Chile, entre el 27 y 31 de agosto de 1979. En el libro se presentan organizadas las investigaciones en cinco rubros principales, el primer...
Збережено в:
| Співавтор: | |
|---|---|
| Формат: | Текст |
| Мова: | Spanish |
| Опубліковано: |
Santiago:
CEPAL. PNUD
1980
|
| Предмети: | |
| Теги: |
Додати тег
Немає тегів, Будьте першим, хто поставить тег для цього запису!
|
MARC
| LEADER | 00000 a a2200000 04500 | ||
|---|---|---|---|
| 001 | 25036 | ||
| 003 | cru CIDCACS/IIS | ||
| 005 | 20230606085136.0 | ||
| 008 | 171101e1980 cl ||||| |||| 00| 0 spa d | ||
| 040 | |c cru CIDCACS/IIS | ||
| 090 | |a 03.02.05 S479s | ||
| 110 | 2 | |a Programa de las Naciones Unidas para el Desarrollo |9 6791 | |
| 245 | |a Se puede superar la pobreza? Realidad y perspectivas en América Latina / |c Programa de las Naciones Unidas para el Desarrollo | ||
| 260 | |a Santiago: |b CEPAL. PNUD |c 1980 | ||
| 300 | |a 286 páginas | ||
| 520 | |a El documento consiste en una compilación de investigaciones presentadas en el Seminario sobre pobreza crítica en América Latina en la sede de CEPAL, en Santiago, Chile, entre el 27 y 31 de agosto de 1979. En el libro se presentan organizadas las investigaciones en cinco rubros principales, el primero en un marco referencial para el estudio de la pobreza y la elaboración de estrategias e instrumentos para superarla, con un diagnóstico de la pobreza en América Latina, sus necesidades básicas y las distintas estrategias de desarrollo en América Latina. El segundo acerca de la pobreza rural y urbana, el tercero relacionado a la pobreza con el mercado de factores productivos, mercados de trabajo y capitales. El cuarto se compone n de un análisis de algunas políticas redistributivas , imprescindibles en toda estrategia global de superación de la pobreza y el último es acerca de comercio internacional y empleo. | ||
| 650 | 0 | |9 284 |a POBREZA | |
| 650 | 4 | |9 1945 |a COMERCIO INTERNACIONAL | |
| 650 | 0 | |9 288 |a EMPLEO | |
| 650 | 0 | |9 3784 |a POLITICAS PUBLICAS | |
| 650 | 0 | |9 4698 |a NECESIDADES BASICAS | |
| 650 | 0 | |9 7911 |a REDUCCION DE LA POBREZA | |
| 942 | |2 ddc |c LI |h 03.02.05 S479s |i 18425 |6 030205_S479S_18425 | ||
| 999 | |c 16720 |d 16720 | ||
